| 000 -ლიდერი |
| ფიქსირებული სიგრძის საკონტროლო ველი |
00950nam a2200229Ia 4500 |
| 001 - საკონტროლო ნომერი |
| საკონტროლო ველი |
516 |
| 003 - საკონტროლო ნომრის იდენტიფიკატორი |
| საკონტროლო ველი |
GE_BSU |
| 005 - ბოლო ოპერაციის თარიღი და დრო |
| საკონტროლო ველი |
20200203163042.0 |
| 008 - ფიქსირებული სიგრძის მონაცემთა ელემენტები - ზოგადი ინფორმაცია |
| ფიქსირებული სიგრძის საკონტროლო ველი |
181216s2003||||ge |||||||||||||| ||geo|| |
| 020 ## - წიგნის საერთაშორისო სტანდარტული ნომერი |
| International Standard Book Number |
9992877006 |
| 040 ## - კატალოგიზაციის წყარო |
| Transcribing agency |
GE_BSU |
| 041 ## - ენის კოდი |
| Language code of text/sound track or separate title |
geo |
| 080 ## - უნივერსალური ათობითი კლასიფიკაციის ინდექსი |
| Universal Decimal Classification number |
338.22 ჭ-42 |
| 100 ## - მთავარი ჩანაწერი - პიროვნების სახელი |
| Personal name |
ჭიაბრიშვილი, თ. |
| 9 (RLIN) |
6724 |
| 245 ## - ცნობა სათაურის შესახებ |
| Title |
პატიოსანი ბიზნესისაკენ / |
| Statement of responsibility, etc |
თენგიზ ჭიაბრიშვილი ; რედ. წიბახაშვილი გ., თ. დემეტრაშვილი. |
| 264 ## - წარმოების, გამოცემის, დისტრიბუციის და სხვა ცნობები |
| გამოცემის, წარმოების, დისტრიბუციის... ადგილი |
თბილისი : |
| გამოცემის, წარმოების, დისტრიბუციის... სახელწოდება |
თბილისის სახ. უნივერსიტეტი, |
| გამოცემის, წარმოების, დისტრიბუციის... თარიღი |
2003. |
| 300 ## - ფიზიკური აღწერა |
| Extent |
301 გვ. ; |
| Other physical details |
16 სმ. |
| 653 ## - INDEX TERM--UNCONTROLLED |
| Uncontrolled term |
ბიზნესი |
| 700 ## - ADDED ENTRY--PERSONAL NAME |
| Personal name |
წიბახაშვილი, გ. |
| 9 (RLIN) |
6725 |
| 700 ## - ADDED ENTRY--PERSONAL NAME |
| Personal name |
დემეტრაშვილი, თ. |
| Relator term |
რედაქტორი |
| 9 (RLIN) |
6726 |
| 942 ## - ADDED ENTRY ELEMENTS (KOHA) |
| Koha item type |
წიგნი |
| Source of classification or shelving scheme |
|